000
00306nam a2200133Ia 4500
008
220216s9999 xx 000 0 und d
245
0
_a
Commodity situation: A stock taking
260
_b
Planters Chronicle
_c
2004
300
_a
19-38
650
_a
Coffe
650
_a
Rubber
650
_a
Te
942
_c
JS
999
_c
55896
_d
55896